|
|
|
|
| LEADER |
01710nam a2200481 a 4500 |
| 001 |
EBC459325 |
| 003 |
MiAaPQ |
| 005 |
20200520144314.0 |
| 006 |
m o d | |
| 007 |
cr cn||||||||| |
| 008 |
080710s2009 dcuab sb i001 0 eng |
| 010 |
|
|
|z 2008029534
|
| 015 |
|
|
|a GBA918317
|2 bnb
|
| 016 |
7 |
|
|z 014910004
|2 Uk
|
| 020 |
|
|
|z 9780821376621
|
| 020 |
|
|
|z 0821376624
|
| 020 |
|
|
|a 9780821376638 (electronic bk.)
|
| 020 |
|
|
|a 0821376632 (electronic bk.)
|
| 035 |
|
|
|a (MiAaPQ)EBC459325
|
| 035 |
|
|
|a (Au-PeEL)EBL459325
|
| 035 |
|
|
|a (CaPaEBR)ebr10288137
|
| 035 |
|
|
|a (CaONFJC)MIL206084
|
| 035 |
|
|
|a (OCoLC)560621298
|
| 040 |
|
|
|a MiAaPQ
|c MiAaPQ
|d MiAaPQ
|
| 043 |
|
|
|a a------
|
| 050 |
|
4 |
|a HD2056.Z8
|b D57 2009
|
| 082 |
0 |
4 |
|a 338.1/85
|2 22
|
| 245 |
0 |
0 |
|a Distortions to agricultural incentives in Asia
|h [electronic resource] /
|c Kym Anderson and Will Martin, editors.
|
| 260 |
|
|
|a Washington, D.C. :
|b World Bank,
|c c2009.
|
| 300 |
|
|
|a xxvii, 573 p. :
|b ill., map.
|
| 490 |
1 |
|
|a Trade and development
|
| 504 |
|
|
|a Includes bibliographical references and index.
|
| 533 |
|
|
|a Electronic reproduction. Ann Arbor, MI : ProQuest, 2015. Available via World Wide Web. Access may be limited to ProQuest affiliated libraries.
|
| 650 |
|
0 |
|a Agriculture
|x Economic aspects
|z Asia.
|
| 650 |
|
0 |
|a Agriculture and state
|z Asia.
|
| 650 |
|
0 |
|a Agriculture
|x Taxation
|z Asia.
|
| 650 |
|
0 |
|a Agricultural subsidies
|z Asia.
|
| 655 |
|
4 |
|a Electronic books.
|
| 700 |
1 |
|
|a Anderson, Kym.
|
| 700 |
1 |
|
|a Martin, Will,
|d 1953-
|
| 710 |
2 |
|
|a ProQuest (Firm)
|
| 830 |
|
0 |
|a Trade and development series.
|
| 856 |
4 |
0 |
|u https://ebookcentral.proquest.com/lib/matrademy/detail.action?docID=459325
|z Click to View
|